LEADER 01353nam a2200265 i 4500 001 000000235578 003 CaOOAMICUS 005 20141111000000.0 008 141111s2014 it u000 u por u 013 $a214482 020 $a978-88-7839-288-5 040 $aSeMil$bita 100 1 $aDos Santos Freitas Maia, Américo Paulo.$0(OLS)http://semarc/name/80541 245 12$aA in-habitação de Deus na alma em graça nos escritos teológicos de João de São Tomás, O.P. (1589-1644) /$cAmérico Paulo Dos Santos Freitas Maia. 260 $aRoma :$bPontificia Università Gregoriana,$c2014. 300 $a361 p. ;$c24 cm. 490 0 $aTesi Gregoriana. Serie Teologia ;$v210 650 4$aGiovanni : di San Tommaso .$0(OLS)http://semarc/subject/37577 830 0$aTesi Gregoriana. Serie Teologia ;$v210.$0(OLS)http://semarc/title/351 850 $aSeMil 852 $aSeMil$W1$xVenegono$y1$m2M VI 310$j185924$B185924$CSeMilBibl$Z2$F196827 $81 961 $aSottoscrizione: Pontificia Università Gregoriana 996 $6020$a978-88-7839-288-5$9(OLS)http://semarc/number/240299 996 $6245$aA in-habitação de Deus na alma em graça nos escritos teológicos de João de São Tomás, O.P. (1589-1644)$9(OLS)http://semarc/title/335826 996 $6260$aRoma :$bPontificia Università Gregoriana$9(OLS)http://semarc/publisher/29750 LEADER 00946nam a2200241 i 4500 001 000000120122 003 CaOOAMICUS 005 20220325163645.0 008 041213s1987 it u000 u ita u 013 $a92816 040 $aSeMil$bita 245 10$aVol. 1. 300 $a400 p., [13] c. di tav. :$b[1] ritratto. 500 $aIn custodia con il Vol. 2. 541 0 $aFondo card. C.M. Martini (2F IV 34) 700 1 $aCantisani, Antonio,$c.$0(OLS)http://semarc/name/5098 773 0 $aCantisani, Antonio $tTempo nel mistero della Chiesa.$dCatanzaro ; Squillace : Istituto di Scienze Religiose, stampa 1987-stampa 1997.$w()10469 850 $aSeMil 852 $aSeMil$W1$xVenegono$y1$m2F IV 34$j75327$B75327$CSeMilBibl$Z2$F87137 $81 941 1 $a4 961 $aOmaggio: Martini Card. Carlo Maria 996 $6245$aVol. 1$9(OLS)http://semarc/title/13429